000 00937nam a22002297a 4500
005 20170811112709.0
010 _a1617CH-EN
020 _a9789384699161
_c150.00
035 _aB-646520-548
035 _aB-664772
037 _bStar/Ven
_aDPL
082 _aS
245 1 0 _aNo mountain is high enough!:
_ba collection of 12 inspiring stories /
_cedited by Geeta Menon
260 _aNew Delhi
_bChildren's Book Trust
_c2015
270 _aNehru House,4 Bahadur Shah Zafar Marg,
_bNew Delhi
_e110002
300 _a128p.:
_c24cm(Hb)
_bcol.ill.
500 _a
710 _aMenon,Geeta
942 _2ddc
_cCH
_mNOM
_hS
999 _c100795
_d100795